01096nam a2200181 a 450000100080000000500110000800800410001910000250006024501170008526001230020230000200032552004800034565000120082565300090083770000250084670000200087170000230089115029812025-11-25 2001 bl uuuu u00u1 u #d1 aMARINHO, J. T. de S. aAvaliação de genótipos de feijoeiros dos grupos de cor carioca e roxo/rosinha no Acre.h[electronic resource] aIn: CONGRESSO BRASILEIRO DE MELHORAMENTO DE PLANTAS, 1., Curitiba, PR. Resumos. Goânia: Embrapa Arroz e Feijãoc2001 a3 p.c1 CD-ROM. aA introdução de cultivares de feijão de alto potencial produtivo, com adaptação às condições de cultivo da região, aliados a um conjunto de outros componentes do sistema de produção são fatores determinantes para o aumento da produção e produtividade da cultura. Procura-se com o trabalho avaliar o comportamento de linhagens e cultivares de feijão dos grupos de cor carioca e roxo/rosinha, em sistema de cultivo mínimo sobre palha de arroz, em Rio Branco-AC. aFeijão aAcre1 aPEREIRA, R. de C. A.1 aCOSTA, J. G. da1 aCRISÓSTOMO, C. F.